Evropská identita v informační společnosti
Podmienky fungovania súčasnej spoločnosti a jej princípy. Globalizácia a inštitucionálna dimenzia modernity. Národ a štát - ich vzájomné väzby. Menšiny a väčšiny európskych národných štátov. Globalizačné procesy a Európska únia. Duálna identita pre demokratickú Európu. Informačná spoločnosť ako n...
Salvato in:
| Autore principale: | |
|---|---|
| Natura: | Capitolo di libro |
| Lingua: | ceco |
| Soggetti: | |
| Tags: |
Nessun Tag, puoi essere il primo ad aggiungerne!!
|
MARC
| LEADER | 00000naa$a2200000$$$4500 | ||
|---|---|---|---|
| 001 | 0011504 | ||
| 005 | 20231114081407.6 | ||
| 041 | 0 | |a cze | |
| 044 | |a CZ | ||
| 245 | 1 | 0 | |a Evropská identita v informační společnosti |c aut. Petr Očko |
| 520 | |a Podmienky fungovania súčasnej spoločnosti a jej princípy. Globalizácia a inštitucionálna dimenzia modernity. Národ a štát - ich vzájomné väzby. Menšiny a väčšiny európskych národných štátov. Globalizačné procesy a Európska únia. Duálna identita pre demokratickú Európu. Informačná spoločnosť ako nová realita demokratického občianstva | ||
| 610 | 2 | 0 | |a Európska únia |
| 610 | 2 | 0 | |a filozofia |
| 610 | 2 | 0 | |a identita |
| 610 | 2 | 0 | |a národ |
| 610 | 2 | 0 | |a štát |
| 610 | 2 | 0 | |a kultúra |
| 610 | 2 | 0 | |a Európa |
| 610 | 2 | 0 | |a spoločnosť informačná |
| 610 | 2 | 0 | |a globalizácia |
| 610 | 2 | 0 | |a dejiny |
| 100 | 1 | |a Očko, Petr | |